Name a Radiohead Song A-Z - Statistics

General Stats
  • This quiz has been taken 2,919 times
  • The average score is 16 of 22
Answer Stats
Letter Song % Correct
C Climbing Up the Walls | Codex | Creep
93%
B Backdrifts | The Bends | Black Star | Bloom | Blow Out | Bodysnatchers | Bones | Bullet Proof..I Wish I Was | Burn the Witch
89%
A Airbag | All I Need | Anyone Can Play Guitar
87%
E Electioneering | Everything in Its Right Place | Exit Music (For a Film)
86%
N The National Anthem | (Nice Dream) | No Surprises | Nude | The Numbers
86%
P Packt Like Sardines in a Crushd Tin Box | Paranoid Android | Planet Telex | Present Tense | Prove Yourself | Pulk/Pull Revolving Doors | A Punchup at a Wedding | Pyramid Song
85%
J Jigsaw Falling into Place | Just
84%
H High and Dry | House of Cards | How Do You? | How to Disappear Completely | Hunting Bears
81%
F Fake Plastic Trees | Faust Arp | Feral | Fitter Happier | Ful Stop
80%
K Karma Police | Kid A | Knives Out
80%
L Let Down | Life in a Glasshouse | Like Spinning Plates | Little by Little | Lotus Flower | Lucky | Lurgee
80%
S Sail to the Moon | Scatterbrain | Separator | Sit Down. Stand Up | Stop Whispering | Street Spirit (Fade Out) | Subterranean Homesick Alien | Sulk
75%
T There There | Thinking About You | Tinker Tailor Soldier Sailor Rich Man Poor Man Beggar Man Thief | The Tourist | Treefingers | True Love Waits
75%
M Morning Bell | Morning Bell/Amnesiac | Morning Mr Magpie | Motion Picture Soundtrack | My Iron Lung | Myxomatosis
73%
I I Can't | I Might Be Wrong | I Will | Identikit | Idioteque | In Limbo
72%
W We Suck Young Blood | Weird Fishes/Arpeggi | Where I End and You Begin | A Wolf at the Door
71%
Y You | You and Whose Army?
71%
D Daydreaming | Decks Dark | Desert Island Disk | Dollars and Cents
61%
V Vegetable | Videotape
57%
R Reckoner | Ripcord
55%
G Give Up the Ghost | Glass Eyes | The Gloaming | Go to Sleep
51%
O Optimistic
51%
No matching quizzes found
Score Distribution
Percent of People with Each Score
Percentile by Number Answered
Your Score History
You have not taken this quiz